000 00344 a2200157 4500
001 56961
020 _a8508028040
040 _cAnchieta - Pituba
100 _aDupré, Maria José
240 1 0 _aA montanha encantada
_lpor
245 1 0 _aA montanha encantada
300 _a111
362 0 _a1997
650 4 _aLiteratura juvenil
942 _cBK
999 _c56961
_d56961